Loading...

Appeal to the given A study in epistemology /

Bibliographic Details
Main Author: Ross, Jacob Joshua
Language:Undetermined
Published: 1970.
LEADER 00401nam a2200121Ia 4500
001 74290
008 170722s9999 xx 000 0 und d
100 |a Ross, Jacob Joshua 
245 |a Appeal to the given  |b A study in epistemology / 
260 |c 1970. 
942 |c GEN 
999 |c 78189  |d 78189 
952 |0 0  |1 0  |4 0  |6 R_2_000000000000000_L0  |7 0  |8 LC1  |9 109988  |a LIB  |b LIB  |d 2017-08-12  |h LC1  |o R2 L0  |p 131841  |r 2017-08-12  |w 2017-08-12  |y GEN